000 00421nam a22001697a 4500
003 CEME
005 20210628203559.0
008 210201b xxu||||| |||| 00| 0 eng d
040 _c.
082 _a954.91 AHS
100 _aAhsan Ullah Saqib
_966373
245 _aPakistan ka jughrafiah aur maishat
260 _aLAHORE
_bHOLIDAY BOOKS
_c2003
300 _a290P
650 _aPAKISTAN-HISTORY
_97198
942 _cBK
_2ddc
999 _c574346
_d574346